Quel est ce jeu vidéo ? - Armes et accesoires - Statistiques

Statistiques générales
  • Ce quiz a été pris 57 fois
  • Le résultat moyen est 8 sur 15
Statistiques - réponses
Par images Réponse % Correct
Minecraft
100%
Fortnite
91%
God of War
75%
Assassin's Creed
74%
League of Legends (ou TFT)
71%
Halo
53%
Kingdom Hearts
53%
The Witcher
53%
Final Fantasy VII
51%
Ratchet et Clank
50%
Death Stranding
46%
Red Dead Redemption
41%
Goldeneye
39%
Warcraft (ou WoW)
28%
Gears of War
23%
Devil May Cry
11%
Aucun quiz correspondant
Distribution des résultats
% des personnes avec chaque résultat
Percentile par nombre de réponses
Votre historique - résultats
Vous n’avez pas pris ce quiz